The 100 : (Record no. 524033)
[ view plain ]
| 000 -LEADER | |
|---|---|
| fixed length control field | 00429nam a22001457a 4500 |
| 020 ## - INTERNATIONAL STANDARD BOOK NUMBER | |
| International Standard Book Number | 0-671-71171-7 |
| 040 ## - CATALOGING SOURCE | |
| Transcribing agency | NUST |
| 082 ## - DEWEY DECIMAL CLASSIFICATION NUMBER | |
| Classification number | 920-02 |
| Author Mark | HAR |
| 100 ## - MAIN ENTRY--PERSONAL NAME | |
| Personal name | Hart, Michael H. |
| 9 (RLIN) | 14859 |
| 245 ## - TITLE STATEMENT | |
| Title | The 100 : |
| Remainder of title | A ranking of the most influential persons in history / |
| Statement of responsibility, etc. | Michael H. Hart. |
| 260 ## - PUBLICATION, DISTRIBUTION, ETC. | |
| Place of publication, distribution, etc. | New York : |
| Name of publisher, distributor, etc. | Simon & Schuster Ltd, |
| Date of publication, distribution, etc. | 1992. |
| 300 ## - PHYSICAL DESCRIPTION | |
| Extent | ill, 556 p. ; |
| Dimensions | 24 cm. |
| 500 ## - GENERAL NOTE | |
| General note | Includes Indexes. |
| 942 ## - ADDED ENTRY ELEMENTS (KOHA) | |
| Source of classification or shelving scheme | |
| Koha item type | Book |
| Withdrawn status | Lost status | Source of classification or shelving scheme | Damaged status | Not for loan | Permanent Location | Current Location | Date acquired | Total Checkouts | Full call number | Barcode | Date last seen | Date last checked out | Price effective from | Koha item type |
|---|---|---|---|---|---|---|---|---|---|---|---|---|---|---|
| Central Library (CL) | Central Library (CL) | 06/14/2019 | 2 | 920-02 HAR | CL-D-424 | 09/11/2025 | 03/27/2022 | 06/14/2019 | Book |
